000 00597nam a2200205Ii 4500
003 JO-AjNU
008 230606s9999||||xx |||||||||||||| ||und||
020 _a9781-81-239-2284-3
040 _aJO-AjNU
_beng
_erda
_cJO-AjNU
041 _aeng
050 1 4 _aQA267.3.2013
100 3 _aANURADHA/Vijayalata,
_eauthor
_93038
245 0 0 _aFormal Languges and Automata Theory
264 3 1 _aNewdelhi:cbs,2013
300 _a368p
336 _atext
_btxt
_2rdacontent
337 _aunmediated
_bn
_2rdamedia
338 _avolume
_bnc
_2rdacarrier
650 4 _a Machine theory. Formal languages.
_93039
999 _aE1593
_c1593
_d1593